<?xml version="1.0" encoding="UTF-8"?><?xml-stylesheet type="text/xsl" href="static/style.xsl"?><OAI-PMH xmlns="http://www.openarchives.org/OAI/2.0/" xmlns:xsi="http://www.w3.org/2001/XMLSchema-instance" xsi:schemaLocation="http://www.openarchives.org/OAI/2.0/ http://www.openarchives.org/OAI/2.0/OAI-PMH.xsd"><responseDate>2026-04-18T04:08:24Z</responseDate><request verb="GetRecord" identifier="oai:www.recercat.cat:20.500.12327/4661" metadataPrefix="marc">https://recercat.cat/oai/request</request><GetRecord><record><header><identifier>oai:recercat.cat:20.500.12327/4661</identifier><datestamp>2025-10-22T11:10:45Z</datestamp><setSpec>com_2072_4428</setSpec><setSpec>com_2072_4427</setSpec><setSpec>col_2072_487898</setSpec></header><metadata><record xmlns="http://www.loc.gov/MARC21/slim" xmlns:dcterms="http://purl.org/dc/terms/" xmlns:xsi="http://www.w3.org/2001/XMLSchema-instance" xmlns:doc="http://www.lyncode.com/xoai" xsi:schemaLocation="http://www.loc.gov/MARC21/slim http://www.loc.gov/standards/marcxml/schema/MARC21slim.xsd">
   <leader>00925njm 22002777a 4500</leader>
   <datafield ind2=" " ind1=" " tag="042">
      <subfield code="a">dc</subfield>
   </datafield>
   <datafield ind2=" " ind1=" " tag="720">
      <subfield code="a">Alomar, Oscar</subfield>
      <subfield code="e">author</subfield>
   </datafield>
   <datafield ind2=" " ind1=" " tag="720">
      <subfield code="a">Batlle, Assumpció</subfield>
      <subfield code="e">author</subfield>
   </datafield>
   <datafield ind2=" " ind1=" " tag="720">
      <subfield code="a">Brunetti, Josep Maria</subfield>
      <subfield code="e">author</subfield>
   </datafield>
   <datafield ind2=" " ind1=" " tag="720">
      <subfield code="a">García, Roberto</subfield>
      <subfield code="e">author</subfield>
   </datafield>
   <datafield ind2=" " ind1=" " tag="720">
      <subfield code="a">Gil, Rosa</subfield>
      <subfield code="e">author</subfield>
   </datafield>
   <datafield ind2=" " ind1=" " tag="720">
      <subfield code="a">Granollers, Toni</subfield>
      <subfield code="e">author</subfield>
   </datafield>
   <datafield ind2=" " ind1=" " tag="720">
      <subfield code="a">Jiménez, Sara</subfield>
      <subfield code="e">author</subfield>
   </datafield>
   <datafield ind2=" " ind1=" " tag="720">
      <subfield code="a">Laviña, Amparo</subfield>
      <subfield code="e">author</subfield>
   </datafield>
   <datafield ind2=" " ind1=" " tag="720">
      <subfield code="a">Reverté, Carmen</subfield>
      <subfield code="e">author</subfield>
   </datafield>
   <datafield ind2=" " ind1=" " tag="720">
      <subfield code="a">Riudavets, Jordi</subfield>
      <subfield code="e">author</subfield>
   </datafield>
   <datafield ind2=" " ind1=" " tag="720">
      <subfield code="a">Virgili-Gomà, Jordi</subfield>
      <subfield code="e">author</subfield>
   </datafield>
   <datafield ind2=" " ind1=" " tag="260">
      <subfield code="c">2016-12-13</subfield>
   </datafield>
   <datafield ind2=" " ind1=" " tag="520">
      <subfield code="a">MedISys is a media monitoring system initially intended for news items related to human health. The&#xd;
tool has how been extended by the Joint Research Centre, Universitat de Lleida and IRTA to also deal&#xd;
with plant health threats. This EFSA-funded project was based on a knowledge representation&#xd;
approach that generated an ontology, a formal representation of knowledge related to plant health&#xd;
threats. The ontology models plant pests and diseases, together with other concepts related with&#xd;
them: affected crops, hosts, vectors and symptoms. First of all, a collection of news sources related to&#xd;
plant health threats was collected to be monitored by MedISys. These sources included already known&#xd;
manually curated Web pages but also additional ones discovered by performing global Web searches&#xd;
using terms appearing in the ontology. Then, the news items coming from these sources were filtered&#xd;
using MedISys using a set of categories with keywords to identify those actually about plant health&#xd;
threats. Most of these categories focused on known threats and used terms associated with the 117&#xd;
pests and diseases selected at the beginning of the project. Additionally, categories for unknown&#xd;
threats were also developed. In this case the categories included keywords that are usually used by&#xd;
experts to describe unknown threats and keywords related with symptoms expressions. All these&#xd;
MedISys categories combined provide mechanism to monitor plant health threats mentions in media,&#xd;
from newspapers to social media, ranging from those that explicitly mention a named threat (useful to&#xd;
monitor re-emerging threats or their spread) to those related to unknown ones (to monitor potential&#xd;
new threats). The project concluded with an evaluation of the e-mail alerts and reports generated by&#xd;
MedISys based on the previous categories. A survey and tests with real users were conducted and the&#xd;
results analysed to generate a set of recommendations and improvements to facilitate the use of&#xd;
MedISys as a plant health threats monitoring tool.</subfield>
   </datafield>
   <datafield ind1="8" ind2=" " tag="024">
      <subfield code="a">Alomar, Oscar, Assumpció Batlle, Josep Maria Brunetti, Roberto García, Rosa Gil, Toni Granollers, Sara Jiménez, Amparo Laviña, Carme Reverté, Jordi Riudavets, and Jordi Virgili-Gomà. 2016. “Development and Testing of the Media Monitoring Tool MedISys for the Monitoring, Early Identification and Reporting of Existing and Emerging Plant Health Threats.” EFSA Supporting Publications 13 (12): 1118E. doi: 10.2903/sp.efsa.2016.en-1118</subfield>
   </datafield>
   <datafield ind1="8" ind2=" " tag="024">
      <subfield code="a">2397-8325</subfield>
   </datafield>
   <datafield ind1="8" ind2=" " tag="024">
      <subfield code="a">http://hdl.handle.net/20.500.12327/4661</subfield>
   </datafield>
   <datafield ind1="8" ind2=" " tag="024">
      <subfield code="a">https://doi.org/10.2903/sp.efsa.2016.EN-1118</subfield>
   </datafield>
   <datafield ind2="0" ind1="0" tag="245">
      <subfield code="a">Development and testing of the media monitoring tool MedISys for the monitoring, early identification and reporting of existing and emerging plant health threats</subfield>
   </datafield>
</record></metadata></record></GetRecord></OAI-PMH>